LEADER 01124nam0 2200373 450 001 990000277460203316 005 19980928174229.8 035 $a0027746 035 $aUSA010027746 035 $a(ALEPH)000027746USA01 035 $a0027746 100 $a19980928d1989----km-yaita-0103----ba 101 $aita 102 $aIT 105 $aa-------001yy 200 1 $aSven Markelius$e1889-1972$fdi Stefano Ray 210 $aRoma$cOfficina$d[1989]. 215 $a143 p.$cill.$d23 cm 225 $aDizionario monografico degli architetti moderni e contemporanei$v1. 410 1$12001$aDizionario monografico degli architetti moderni e contemporanei$v1. 606 $aMarkelius, Sven 676 $a720.92$v19 700 1$aRAY,$bStefano$024822 801 0$aIT$bUNFI$c19980928 912 $a990000277460203316 951 $a720.924 RAY$b15158 Ing.$c720$d0006039 959 $aBK 969 $aTEC 979 $aTAMI$b40$c20001017$lUSA01$h1214 979 $c20001110$lUSA01$h1716 979 $c20020403$lUSA01$h1635 979 $aPATRY$b90$c20040406$lUSA01$h1620 996 $aSven Markelius$9720540 997 $aUNISA LEADER 00979cam0-2200325---450- 001 990004237430403321 005 20161028131406.0 010 $a3-8244-4179-9 035 $a000423743 035 $aFED01000423743 035 $a(Aleph)000423743FED01 035 $a000423743 100 $a19990604d1995----km-y0itay50------ba 101 0 $ager 102 $aDE 105 $a--------001yy 200 1 $aGellerts Briefpraxis und Brieflehre$eder Anfang einer neuen Briefkultur$fRafael Arto-Haumacher 210 $aWiesbaden$cDeutscher Universitäts Verlag$d1995 215 $a351 p.$d21 cm 225 1 $aDUV$eLiteratuwissenschaft 610 0 $aLetteratura tedesca$aEpistolografia 676 $a836$v20$zita 700 1$aArto-Haumacher,$bRafael$0167336 801 0$aIT$bUNINA$gRICA$2UNIMARC 901 $aBK 912 $a990004237430403321 952 $a836 ART 1$bBibl.26712$fFLFBC 959 $aFLFBC 996 $aGellerts Briefpraxis und Brieflehre$9480863 997 $aUNINA